[Event "Oberliga NRW 1112"]
[Site "Germany"]
[Date "2012.03.25"]
[Round "8.2"]
[White "Wegerle, Joerg"]
[Black "Schlawin, Marlon"]
[Result "1/2-1/2"]
[WhiteElo "2377"]
[BlackElo "2211"]
[PlyCount "144"]
[EventDate "2011.09.18"]
[EventType "team-tourn"]
[EventRounds "9"]
[EventCountry "GER"]
[SourceTitle "EXT 2015"]
[Source "ChessBase"]
[SourceDate "2014.11.20"]
[SourceVersion "1"]
[SourceVersionDate "2014.11.20"]
[SourceQuality "1"]
[WhiteTeam "Solingen II"]
[BlackTeam "Bochum SG II"]
[WhiteTeamCountry "GER"]
[BlackTeamCountry "GER"]

1. c4 e6 2. g3 c5 3. Bg2 Nf6 4. Nf3 Nc6 5. 0-0 b6 6. d4 cxd4 7. Nxd4 Bb7 8. Nb5 d6 9. Bf4 e5 10. Bg5 Be7 11. N1c3 a6 12. Bxf6 gxf6 13. Na3 Qd7 14. e3 h5 15. Nd5 Bd8 16. Qb3 Na5 17. Qd3 h4 18. Rab1 Nc6 19. b4 hxg3 20. fxg3 Rh6 21. Rb2 Kf8 22. Rbf2 Kg7 23. Qe2 a5 24. Nb5 Nxb4 25. Nxf6 Bxf6 26. Bxb7 Rd8 27. Be4 d5 28. cxd5 Nxd5 29. Rd1 Nf4 30. Rxd7 Nxe2+ 31. Rxe2 Rxd7 32. Kg2 Be7 33. h4 Rh8 34. Kf3 Rhd8 35. a4 Rd2 36. Bf5 Rxe2 37. Kxe2 Bb4 38. Nc7 Rd2+ 39. Kf3 Kf8 40. h5 Bd6 41. Nb5 Kg7 42. g4 Be7 43. Nc3 Rb2 44. Bd7 Bc5 45. Nd5 f6 46. Ke4 Rf2 47. Kd3 Kh6 48. e4 Kg5 49. Kc4 Rb2 50. Kc3 Bd4+ 51. Kc4 Bg1 52. Kc3 Rb1 53. Kc4 Rd1 54. Bf5 Rd4+ 55. Kb5 Bf2 56. Bg6 Rd1 57. Ka6 Rc1 58. Bf5 Bg1 59. Kb5 Bd4 60. Ka6 Rc2 61. Bd7 Rb2 62. Nc7 Be3 63. Nd5 Bg1 64. Be6 Bf2 65. Bd7 Bd4 66. Nc7 Rb1 67. Ne6+ Kh6 68. Nc7 Bf2 69. Nd5 Kg5 70. Be6 Rc1 71. Bf5 Rc5 72. Bg6 Rc1 1/2-1/2

[Event "Oberliga NRW 1112"]
[Site "Germany"]
[Date "2012.03.04"]
[Round "7.3"]
[White "Malykin, Vitaly"]
[Black "Schlawin, Marlon"]
[Result "1/2-1/2"]
[WhiteElo "2340"]
[BlackElo "2211"]
[PlyCount "50"]
[EventDate "2011.09.18"]
[EventType "team-tourn"]
[EventRounds "9"]
[EventCountry "GER"]
[SourceTitle "EXT 2015"]
[Source "ChessBase"]
[SourceDate "2014.11.20"]
[SourceVersion "1"]
[SourceVersionDate "2014.11.20"]
[SourceQuality "1"]
[WhiteTeam "Solingen II"]
[BlackTeam "Bochum SG II"]
[WhiteTeamCountry "GER"]
[BlackTeamCountry "GER"]

1. Nf3 Nf6 2. c4 e6 3. d4 Bb4+ 4. Nbd2 b6 5. g3 Bb7 6. Bg2 Ne4 7. 0-0 Nxd2 8. Bxd2 Bxd2 9. Qxd2 d6 10. d5 e5 11. b4 Nd7 12. Qc3 a5 13. a3 0-0 14. e4 Qe7 15. Nd2 c6 16. dxc6 Bxc6 17. Rfd1 Ra7 18. Nf1 Nf6 19. Qd3 axb4 20. axb4 Rxa1 21. Rxa1 Ra8 22. Rxa8+ Bxa8 23. Qa3 Bb7 24. Qa7 Qc7 25. Ne3 Ne8 1/2-1/2

[Event "BL2-West 1112"]
[Site "Germany"]
[Date "2011.11.20"]
[Round "3.8"]
[White "Gottschalk, Jens"]
[Black "Schlawin, Marlon"]
[Result "1/2-1/2"]
[WhiteElo "2268"]
[BlackElo "2261"]
[PlyCount "34"]
[EventDate "2011.10.02"]
[EventType "team-tourn"]
[EventRounds "9"]
[EventCountry "GER"]
[SourceTitle "EXT 2015"]
[Source "ChessBase"]
[SourceDate "2014.11.20"]
[SourceVersion "1"]
[SourceVersionDate "2014.11.20"]
[SourceQuality "1"]
[WhiteTeam "Wiesbaden"]
[BlackTeam "Bochum SG"]
[WhiteTeamCountry "GER"]
[BlackTeamCountry "GER"]

1. d4 e6 2. c4 Bb4+ 3. Bd2 a5 4. g3 d6 5. Bg2 e5 6. a3 Bxd2+ 7. Qxd2 exd4 8. Qxd4 Nf6 9. Qe3+ Qe7 10. Qxe7+ Kxe7 11. Nc3 c6 12. Na4 Nbd7 13. Nf3 Ra6 14. b3 Nb6 15. Nb2 Nbd7 16. Na4 Nb6 17. Nb2 Nbd7 1/2-1/2

[Event "Oberliga NRW 1112"]
[Site "Germany"]
[Date "2011.11.13"]
[Round "3.5"]
[White "Schlawin, Marlon"]
[Black "Homs, Guust"]
[Result "0-1"]
[WhiteElo "2211"]
[BlackElo "2159"]
[PlyCount "126"]
[EventDate "2011.09.18"]
[EventType "team-tourn"]
[EventRounds "9"]
[EventCountry "GER"]
[SourceTitle "EXT 2015"]
[Source "ChessBase"]
[SourceDate "2014.11.20"]
[SourceVersion "1"]
[SourceVersionDate "2014.11.20"]
[SourceQuality "1"]
[WhiteTeam "Bochum SG II"]
[BlackTeam "Erkenschwick"]
[WhiteTeamCountry "GER"]
[BlackTeamCountry "GER"]

1. e4 e5 2. Nf3 Nc6 3. Bc4 Bc5 4. c3 Nf6 5. d3 d6 6. 0-0 0-0 7. Nbd2 Qe7 8. Re1 Be6 9. Bb3 Bxb3 10. Qxb3 Rab8 11. Nf1 Ng4 12. Re2 Qe6 13. h3 Qxb3 14. axb3 Nf6 15. b4 Bb6 16. b5 Nd8 17. b4 Ne6 18. g3 Kh8 19. Ne3 Rfe8 20. Kf1 Ng8 21. Nd5 Ne7 22. c4 f6 23. Be3 Bxe3 24. fxe3 Nc8 25. Kg2 Kg8 26. Nh4 c6 27. Nc3 Nc7 28. Rc2 Rd8 29. Nf3 cxb5 30. Nxb5 Nxb5 31. cxb5 d5 32. Rc7 dxe4 33. dxe4 Rd3 34. Kf2 Nd6 35. Ke2 Rb3 36. Rd1 Nxb5 37. Nd2 Rxb4 38. Rc2 Rd8 39. Rdc1 b6 40. g4 Nd6 41. Rc7 a5 42. R1c2 Rb5 43. h4 a4 44. Ra7 Rb4 45. g5 Nb5 46. Ra6 Rd7 47. Kf2 Nd6 48. Kf3 b5 49. gxf6 gxf6 50. Rcc6 Rb2 51. Nf1 Rb1 52. Ng3 Rd1 53. Ke2 Ne8 54. Rcb6 R1d6 55. Nf5 Rxb6 56. Rxb6 Nc7 57. Nh6+ Kg7 58. Nf5+ Kg6 59. h5+ Kxh5 60. Rxf6 a3 61. Ng3+ Kg5 62. Rf1 b4 63. Ra1 Nb5 0-1

[Event "Oberliga NRW 1112"]
[Site "Germany"]
[Date "2011.10.09"]
[Round "2.4"]
[White "Schlawin, Marlon"]
[Black "Kabatianski, Alexander"]
[Result "1/2-1/2"]
[WhiteElo "2211"]
[BlackElo "2340"]
[PlyCount "79"]
[EventDate "2011.09.18"]
[EventType "team-tourn"]
[EventRounds "9"]
[EventCountry "GER"]
[SourceTitle "EXT 2015"]
[Source "ChessBase"]
[SourceDate "2014.11.20"]
[SourceVersion "1"]
[SourceVersionDate "2014.11.20"]
[SourceQuality "1"]
[WhiteTeam "Bochum SG II"]
[BlackTeam "Emsdetten Turm II"]
[WhiteTeamCountry "GER"]
[BlackTeamCountry "GER"]

1. e4 e6 2. d4 d5 3. e5 c5 4. c3 Nc6 5. Nf3 Qb6 6. a3 f6 7. exf6 Nxf6 8. b4 cxd4 9. cxd4 Bd6 10. Bd3 0-0 11. 0-0 e5 12. dxe5 Nxe5 13. Be2 Qc7 14. h3 Bd7 15. Nbd2 Ng6 16. Nb3 Rae8 17. Be3 Nf4 18. Rc1 Qd8 19. Re1 N6h5 20. Bf1 Qf6 21. Nbd4 Re4 22. Qb3 Kh8 23. Bxf4 Nxf4 24. Ne2 Be6 25. Nxf4 Rxf4 26. Re3 Rc4 27. Rce1 Bg8 28. Qd3 Rf4 29. Re8 h6 30. Rxf8 Qxf8 31. Qe3 a6 32. Bd3 Qf6 33. Qe8 Qf7 34. Qxf7 Bxf7 35. Ne5 Kg8 36. Nxf7 Kxf7 37. Be2 Rd4 38. Rd1 Be5 39. Rxd4 Bxd4 40. a4 1/2-1/2

[Event "Oberliga NRW 1112"]
[Site "Germany"]
[Date "2011.09.18"]
[Round "1.4"]
[White "Rott, Georg"]
[Black "Schlawin, Marlon"]
[Result "1/2-1/2"]
[WhiteElo "2104"]
[BlackElo "2211"]
[PlyCount "28"]
[EventDate "2011.09.18"]
[EventType "team-tourn"]
[EventRounds "9"]
[EventCountry "GER"]
[SourceTitle "EXT 2015"]
[Source "ChessBase"]
[SourceDate "2014.11.20"]
[SourceVersion "1"]
[SourceVersionDate "2014.11.20"]
[SourceQuality "1"]
[WhiteTeam "Muenster SK"]
[BlackTeam "Bochum SG II"]
[WhiteTeamCountry "GER"]
[BlackTeamCountry "GER"]

1. e4 e6 2. d4 d5 3. Nd2 c5 4. exd5 exd5 5. Bb5+ Bd7 6. Bxd7+ Nxd7 7. Ngf3 Qe7+ 8. Qe2 Qxe2+ 9. Kxe2 c4 10. Re1 Bd6 11. c3 Ne7 12. b3 cxb3 13. axb3 0-0 14. Kd3 Nc6 1/2-1/2

[Event "NRW Class1 1011"]
[Site "Germany"]
[Date "2011.02.20"]
[Round "7.3"]
[White "Schlawin, Marlon"]
[Black "Akhayan, Ruben"]
[Result "1/2-1/2"]
[WhiteElo "2264"]
[BlackElo "2302"]
[PlyCount "87"]
[EventDate "2010.09.26"]
[EventType "team-tourn"]
[EventRounds "9"]
[EventCountry "GER"]
[SourceTitle "EXT 2012"]
[Source "ChessBase"]
[SourceDate "2011.11.24"]
[SourceVersion "1"]
[SourceVersionDate "2011.11.24"]
[SourceQuality "1"]
[WhiteTeam "Bochum II"]
[BlackTeam "Wuerselen"]
[WhiteTeamCountry "GER"]
[BlackTeamCountry "GER"]

1. e4 e5 2. Nf3 Nc6 3. Bc4 Nf6 4. d3 Bc5 5. c3 d6 6. 0-0 a6 7. d4 Ba7 8. dxe5 dxe5 9. Qxd8+ Nxd8 10. Nxe5 Nxe4 11. Nd2 Nd6 12. Bb3 Ne6 13. Ndc4 Nf5 14. Ba4+ Ke7 15. Bc2 Nh4 16. Ne3 Rd8 17. b3 f6 18. Ba3+ c5 19. Nd3 b6 20. b4 Bb7 21. bxc5 bxc5 22. Rfe1 Kf8 23. Rad1 Be4 24. Nxc5 Bxc5 25. Bxe4 Bxa3 26. Bxa8 Rxa8 27. Nc4 Nf4 28. Nxa3 Nhxg2 29. Re4 Kf7 30. Nc2 g5 31. Ne3 Nh4 32. Kf1 Nf3 33. Rd7+ Kg6 34. Ree7 Nxh2+ 35. Ke1 Nf3+ 36. Kd1 h6 37. c4 Rc8 38. Rg7+ Kh5 39. Rc7 Rb8 40. Rb7 Rd8+ 41. Rgd7 Rc8 42. Rbc7 Rb8 43. Rb7 Rc8 44. Rbc7 1/2-1/2

[Event "NRW Class1 1011"]
[Site "Germany"]
[Date "2010.09.26"]
[Round "1.2"]
[White "Schlawin, Marlon"]
[Black "Rohde, Ulrich"]
[Result "1/2-1/2"]
[WhiteElo "2264"]
[BlackElo "2194"]
[PlyCount "45"]
[EventDate "2010.09.26"]
[EventType "team-tourn"]
[EventRounds "9"]
[EventCountry "GER"]
[SourceTitle "EXT 2012"]
[Source "ChessBase"]
[SourceDate "2011.11.24"]
[SourceVersion "1"]
[SourceVersionDate "2011.11.24"]
[SourceQuality "1"]
[WhiteTeam "Bochum II"]
[BlackTeam "Godesberg II"]
[WhiteTeamCountry "GER"]
[BlackTeamCountry "GER"]

1. e4 c5 2. Nf3 e6 3. c3 d5 4. exd5 exd5 5. d4 Nc6 6. Bb5 Bd6 7. 0-0 Nge7 8. Nbd2 0-0 9. dxc5 Bxc5 10. Nb3 Bb6 11. Nfd4 Qd6 12. Re1 a6 13. Bf1 Nf5 14. Nxf5 Bxf5 15. Qf3 Be4 16. Qg3 Qxg3 17. hxg3 Bc2 18. Be3 Bxe3 19. Rxe3 Bxb3 20. axb3 d4 21. Rd3 Rad8 22. b4 g6 23. Rad1 1/2-1/2